[Event "Sunway Formentera op 3rd"]
[Site "Sant Ferran de ses Roques"]
[Date "2024.04.19"]
[Round "10"]
[White "Prado, Alexandra"]
[Black "Botez, Alexandra"]
[Result "1-0"]
[WhiteElo "1839"]
[BlackElo "1970"]
[PlyCount "85"]
[EventDate "2024.04.09"]
[EventType "swiss"]
[EventRounds "10"]
[EventCountry "ESP"]
[SourceTitle "CB17_2024"]
[SourceDate "2024.04.24"]
[SourceVersion "1"]
[SourceVersionDate "2024.04.24"]
[SourceQuality "1"]

1. e4 e6 2. d4 d5 3. e5 c5 4. c3 Nc6 5. Nf3 Nge7 6. Na3 Nf5 7. Nc2 Be7 8. Bd3 cxd4 9. cxd4 h6 10. 0-0 g5 11. g4 Ng7 12. Re1 Bd7 13. Bd2 a5 14. Na3 Nb4 15. Bb5 Bc6 16. Qa4 Qb6 17. Bxb4 Bxb4 18. Rec1 Kd7 19. Rc2 Bxa3 20. Bxc6+ bxc6 21. Qxa3 Qb4 22. Qd3 Rab8 23. Rac1 Rb6 24. a3 Qe7 25. Rc5 a4 26. Qc2 Rc8 27. Qxa4 Qd8 28. b4 Ra8 29. Ra5 Rxa5 30. Qxa5 Qb8 31. Qc5 Ra6 32. a4 Ke8 33. b5 cxb5 34. axb5 Rb6 35. Rb1 Qd8 36. Kg2 Rb8 37. b6 Qc8 38. b7 Qxc5 39. dxc5 Kd7 40. Nd4 Kc7 41. c6 Ne8 42. Ra1 f6 43. Ra8 1-0

[Event "Sunway Formentera op 3rd"]
[Site "Sant Ferran de ses Roques"]
[Date "2024.04.15"]
[Round "6"]
[White "Shimelkov, Vasiliy"]
[Black "Prado, Alexandra"]
[Result "0-1"]
[WhiteElo "2112"]
[BlackElo "1839"]
[PlyCount "80"]
[EventDate "2024.04.09"]
[EventType "swiss"]
[EventRounds "10"]
[EventCountry "ESP"]
[SourceTitle "CB17_2024"]
[SourceDate "2024.04.24"]
[SourceVersion "1"]
[SourceVersionDate "2024.04.24"]
[SourceQuality "1"]

1. Nf3 Nf6 2. c4 g6 3. b3 Bg7 4. Bb2 0-0 5. g3 d6 6. Bg2 e5 7. d3 h6 8. 0-0 Nc6 9. a3 a5 10. d4 e4 11. Ne1 Re8 12. Nc2 Nh7 13. Nc3 f5 14. Qd2 Bd7 15. b4 Ng5 16. b5 Ne7 17. a4 c6 18. Ba3 Be6 19. Ne3 d5 20. c5 f4 21. gxf4 Nh3+ 22. Bxh3 Bxh3 23. Ng2 Nf5 24. Rfd1 Bxd4 25. e3 Bxg2 26. exd4 Bf3 27. Ne2 Qh4 28. Qe1 Qg4+ 29. Ng3 h5 30. Qf1 Kh8 31. h3 Qh4 32. Kh2 Qxf4 33. Bc1 e3 34. Ra3 h4 35. Bxe3 hxg3+ 36. Kg1 Qh4 37. Bg5 Qh5 38. Rxf3 Qxf3 39. Rd3 gxf2+ 40. Kh2 Qe2 0-1

[Event "Menorca op 3rd"]
[Site "Ciutadella de Menorca"]
[Date "2024.04.03"]
[Round "2"]
[White "Setien Solar, Enrique"]
[Black "Prado, Alexandra"]
[Result "0-1"]
[WhiteElo "2055"]
[BlackElo "1839"]
[PlyCount "58"]
[EventDate "2024.04.02"]
[EventType "swiss"]
[EventRounds "9"]
[EventCountry "ESP"]
[SourceTitle "CB15_2024"]
[SourceDate "2024.04.10"]
[SourceVersion "1"]
[SourceVersionDate "2024.04.10"]
[SourceQuality "1"]

1. e4 c5 2. Nf3 g6 3. d4 cxd4 4. Nxd4 Bg7 5. Be3 Nf6 6. Nc3 Nc6 7. Bc4 0-0 8. f3 Qb6 9. Bb3 Nxe4 10. Nf5 Nxc3 11. Bxb6 Nxd1 12. Rxd1 gxf5 13. Be3 Bxb2 14. Kf2 d6 15. Rhe1 Bg7 16. g3 Be6 17. c4 Na5 18. Bd4 Nxb3 19. axb3 Bxd4+ 20. Rxd4 Rfc8 21. Re3 Rab8 22. g4 fxg4 23. fxg4 b5 24. cxb5 Rxb5 25. b4 Rc2+ 26. Kg3 Kf8 27. h3 Rb2 28. Ra3 Rb3+ 29. Rxb3 Bxb3 0-1

[Event "Reykjavik op"]
[Site "Reykjavik"]
[Date "2024.03.17"]
[Round "4"]
[White "Prado, Alexandra"]
[Black "Leliveld, Andrew"]
[Result "0-1"]
[WhiteElo "1877"]
[BlackElo "1657"]
[PlyCount "116"]
[EventDate "2024.03.15"]
[EventType "swiss"]
[EventRounds "9"]
[EventCountry "ISL"]
[SourceTitle "CB13_2024"]
[SourceDate "2024.03.27"]
[SourceVersion "1"]
[SourceVersionDate "2024.03.27"]
[SourceQuality "1"]

1. e4 c6 2. d4 d5 3. Nc3 dxe4 4. Nxe4 Bf5 5. Ng3 Bg6 6. Bc4 e6 7. Nf3 Nd7 8. 0-0 Be7 9. Qe2 Ngf6 10. Re1 Nd5 11. c3 a5 12. h3 0-0 13. a4 Re8 14. Ne5 Nxe5 15. dxe5 Bc5 16. Ne4 Be7 17. g3 Qc7 18. f4 Red8 19. Kg2 Rab8 20. Nf2 Qb6 21. Bxd5 cxd5 22. Be3 Qc6 23. Bd4 b5 24. axb5 Rxb5 25. Ra2 Rdb8 26. Rea1 Bd8 27. Kh2 h6 28. Nd1 Rb3 29. g4 Qb5 30. Qf2 Qd3 31. Ne3 Be4 32. Rd1 Qb5 33. Rd2 Bb1 34. Ra1 Rxb2 35. f5 Rxd2 36. Qxd2 Be4 37. Kg3 Bc7 38. fxe6 fxe6 39. Rf1 Qb2 40. Qe1 a4 41. h4 a3 42. Rf2 Qb1 43. Qxb1 Bxb1 44. Nc2 Bxc2 45. Rxc2 Rb2 46. Rc1 a2 47. Ra1 Kf7 48. Kf4 Rc2 49. h5 Bd8 50. Ba7 Ke8 51. Bd4 Be7 52. Ke3 Bg5+ 53. Kf3 Kd7 54. Kg3 Kc6 55. Kf3 Kb5 56. Kg3 Kc4 57. Kf3 Kb3 58. Kg3 Bc1 0-1

[Event "Reykjavik op"]
[Site "Reykjavik"]
[Date "2024.03.15"]
[Round "1"]
[White "Pollitt, Henry"]
[Black "Prado, Alexandra"]
[Result "1/2-1/2"]
[WhiteElo "1674"]
[BlackElo "1877"]
[PlyCount "151"]
[EventDate "2024.03.15"]
[EventType "swiss"]
[EventRounds "9"]
[EventCountry "ISL"]
[SourceTitle "CB13_2024"]
[SourceDate "2024.03.27"]
[SourceVersion "1"]
[SourceVersionDate "2024.03.27"]
[SourceQuality "1"]

1. e4 c5 2. c3 Nf6 3. e5 Nd5 4. Nf3 d6 5. exd6 e6 6. d4 cxd4 7. cxd4 Bxd6 8. Bd3 h6 9. Nc3 Nxc3 10. bxc3 Nd7 11. 0-0 0-0 12. Be3 b6 13. c4 Bb7 14. Nd2 Qh4 15. g3 Qh3 16. Be4 Bxe4 17. Nxe4 Be7 18. f4 Qf5 19. Nf2 Nf6 20. Qd3 Qh5 21. Qd1 Qa5 22. Qe2 Rac8 23. Rac1 Rfd8 24. Rfd1 Qf5 25. Kg2 h5 26. Qd3 Qa5 27. Rc2 Qa4 28. Qb3 Qc6+ 29. Kg1 Qf3 30. Bc1 Qc6 31. Be3 h4 32. Bc1 b5 33. c5 Ne4 34. Nxe4 Qxe4 35. Rcd2 h3 36. Qd3 Qc6 37. Qe3 Bf6 38. Bb2 Qd5 39. Ba1 Qh5 40. Kf2 Rd5 41. Qe2 Qh6 42. Qxb5 g5 43. Qb7 Rdd8 44. Qf3 gxf4 45. gxf4 Rd5 46. Bc3 Rf5 47. Rg1+ Kh8 48. Rg4 Rg8 49. Rxg8+ Kxg8 50. Qg3+ Kh7 51. Kg1 Rxf4 52. Rf2 Rxf2 53. Qxf2 Qg6+ 54. Kf1 Qd3+ 55. Kg1 Qd1+ 56. Qf1 Qg4+ 57. Kh1 Qe4+ 58. Kg1 Bxd4+ 59. Bxd4 Qxd4+ 60. Qf2 Qd1+ 61. Qf1 Qg4+ 62. Kf2 Qf5+ 63. Ke2 Qc2+ 64. Ke1 Qb1+ 65. Kf2 Qc2+ 66. Kg3 Qc3+ 67. Qf3 Qxc5 68. Qxf7+ Kh8 69. Qxe6 Qa3+ 70. Kh4 Kg7 71. Qe5+ Kf7 72. Qf5+ Ke7 73. Qe5+ Kf7 74. Qf5+ Ke7 75. Qe5+ Kf7 76. Qf5+ 1/2-1/2

[Event "Titled Tuesday intern op 13th Feb Late"]
[Site "Chess.com INT"]
[Date "2024.02.13"]
[Round "4"]
[White "Buchenau, Frank"]
[Black "Prado, Alexandra"]
[Result "1-0"]
[WhiteElo "2175"]
[BlackElo "1814"]
[PlyCount "55"]
[EventDate "2024.02.13"]
[EventType "swiss (blitz)"]
[EventRounds "11"]
[EventCountry "USA"]
[SourceTitle "CB08_2024"]
[SourceDate "2024.02.21"]
[SourceVersion "1"]
[SourceVersionDate "2024.02.21"]
[SourceQuality "1"]

1. e4 c5 2. Nf3 g6 3. c3 Bg7 4. d4 cxd4 5. cxd4 d5 6. e5 Bg4 7. Bb5+ Nc6 8. Nbd2 Qa5 9. Bxc6+ bxc6 10. 0-0 e6 11. Nb3 Qa4 12. h3 Bxf3 13. Qxf3 Ne7 14. g4 h5 15. Bg5 hxg4 16. hxg4 Rb8 17. Kg2 Rxb3 18. Qxb3 Qxb3 19. axb3 Nc8 20. Rh1 Rxh1 21. Rxh1 Kd7 22. Rh7 Bf8 23. Rxf7+ Be7 24. Bxe7 Nxe7 25. f4 Ke8 26. Rf6 Kd7 27. Kg3 a5 28. Kh4 1-0

[Event "Titled Tuesday intern op 13th Feb Late"]
[Site "Chess.com INT"]
[Date "2024.02.13"]
[Round "2"]
[White "Korkmaz, Necmettin"]
[Black "Prado, Alexandra"]
[Result "1-0"]
[WhiteElo "2013"]
[BlackElo "1814"]
[PlyCount "59"]
[EventDate "2024.02.13"]
[EventType "swiss (blitz)"]
[EventRounds "11"]
[EventCountry "USA"]
[SourceTitle "CB08_2024"]
[SourceDate "2024.02.21"]
[SourceVersion "1"]
[SourceVersionDate "2024.02.21"]
[SourceQuality "1"]

1. e4 c5 2. Nc3 g6 3. f4 Bg7 4. Nf3 Nc6 5. Bb5 Nd4 6. 0-0 Nxb5 7. Nxb5 a6 8. Nc3 b5 9. d3 Bb7 10. Qe1 e6 11. f5 Nh6 12. f6 Qxf6 13. Bg5 Qxg5 14. Nxg5 Bd4+ 15. Kh1 b4 16. Na4 0-0 17. Qh4 Kg7 18. c3 bxc3 19. bxc3 Bf6 20. Rxf6 Kxf6 21. Nxh7+ Kg7 22. Nxf8 Rxf8 23. Nxc5 Bc6 24. Rf1 Rh8 25. Qf6+ Kg8 26. Nxd7 Bxd7 27. Qd8+ Kg7 28. Qxd7 Ng4 29. Qxf7+ Kh6 30. Qf4+ 1-0

[Event "Titled Tuesday intern op 13th Feb Late"]
[Site "Chess.com INT"]
[Date "2024.02.13"]
[Round "1"]
[White "Poltorak, Sebastian"]
[Black "Prado, Alexandra"]
[Result "1-0"]
[WhiteElo "2379"]
[BlackElo "1814"]
[PlyCount "73"]
[EventDate "2024.02.13"]
[EventType "swiss (blitz)"]
[EventRounds "11"]
[EventCountry "USA"]
[SourceTitle "CB08_2024"]
[SourceDate "2024.02.21"]
[SourceVersion "1"]
[SourceVersionDate "2024.02.21"]
[SourceQuality "1"]

1. e4 c5 2. Nc3 g6 3. d4 cxd4 4. Qxd4 Nf6 5. Nf3 Nc6 6. Qa4 d6 7. e5 dxe5 8. Nxe5 Bd7 9. Nxd7 Qxd7 10. Be3 Bg7 11. Rd1 Qg4 12. h3 Qxa4 13. Nxa4 0-0 14. Be2 Rfd8 15. 0-0 Nd5 16. Bg5 h6 17. Bd2 a6 18. c3 b5 19. Nc5 Ne5 20. Bc1 e6 21. Rfe1 Nc4 22. Bf3 Ne7 23. Bxa8 Rxa8 24. a3 Nd5 25. Nd3 a5 26. Nf4 Nxf4 27. Bxf4 b4 28. axb4 axb4 29. cxb4 Bxb2 30. Rd7 Bc3 31. Rc1 Nb6 32. Rb7 Nd5 33. Bd6 Bb2 34. Rc2 Bd4 35. Rb8+ Rxb8 36. Bxb8 Nxb4 37. Rc4 1-0

[Event "Titled Tuesday intern op 06th Feb Early"]
[Site "Chess.com INT"]
[Date "2024.02.06"]
[Round "9"]
[White "Bauyrzhan, Arnash"]
[Black "Prado, Alexandra"]
[Result "1-0"]
[WhiteElo "2029"]
[BlackElo "1814"]
[PlyCount "61"]
[EventDate "2024.02.06"]
[EventType "swiss (blitz)"]
[EventRounds "11"]
[EventCountry "USA"]
[SourceTitle "CB07_2024"]
[SourceDate "2024.02.14"]
[SourceVersion "1"]
[SourceVersionDate "2024.02.14"]
[SourceQuality "1"]

1. e4 g6 2. d4 Bg7 3. Nf3 d6 4. Bd3 Nc6 5. c3 Nf6 6. 0-0 0-0 7. h3 e5 8. Be3 h6 9. Nbd2 Nh5 10. Re1 Nf4 11. Bf1 f5 12. Bxf4 exf4 13. exf5 Rxf5 14. Qb3+ Kh7 15. Bd3 Rf8 16. Ne4 Bf5 17. Qxb7 Na5 18. Qb5 c6 19. Qb4 Rb8 20. Qa3 d5 21. Nc5 Bxd3 22. Nxd3 Nc4 23. Qxa7 Rxb2 24. Nxb2 Nxb2 25. Re7 Rg8 26. Rb1 Nc4 27. Rbb7 Qf8 28. Rf7 Nd6 29. Rxf8 Nxb7 30. Rxg8 Kxg8 31. Qxb7 1-0

[Event "Titled Tuesday intern op 06th Feb Early"]
[Site "Chess.com INT"]
[Date "2024.02.06"]
[Round "2"]
[White "Prado, Alexandra"]
[Black "Bold, Andre"]
[Result "0-1"]
[WhiteElo "1814"]
[BlackElo "2203"]
[PlyCount "54"]
[EventDate "2024.02.06"]
[EventType "swiss (blitz)"]
[EventRounds "11"]
[EventCountry "USA"]
[SourceTitle "CB07_2024"]
[SourceDate "2024.02.14"]
[SourceVersion "1"]
[SourceVersionDate "2024.02.14"]
[SourceQuality "1"]

1. e4 c6 2. d4 d5 3. exd5 cxd5 4. Bd3 Nf6 5. c3 Nc6 6. Bf4 Bg4 7. Qb3 Qd7 8. Nd2 e6 9. Ngf3 Bd6 10. Bxd6 Qxd6 11. 0-0 Qc7 12. h3 Bh5 13. Rfe1 0-0 14. Ne5 Nxe5 15. Rxe5 Bg6 16. Bxg6 hxg6 17. Nf3 Rab8 18. Rae1 b5 19. a3 a5 20. g4 Ne4 21. Ng5 Nxg5 22. Rxg5 Qc4 23. Qd1 b4 24. axb4 axb4 25. Qd2 Rfc8 26. Rc1 Qb3 27. Rf5 gxf5 0-1

[Event "Titled Tuesday intern op 16th Jan Early"]
[Site "Chess.com INT"]
[Date "2024.01.16"]
[Round "3"]
[White "Prado, Alexandra"]
[Black "Golubev, Mikhail"]
[Result "0-1"]
[WhiteElo "1825"]
[BlackElo "2461"]
[PlyCount "54"]
[EventDate "2024.01.16"]
[EventType "swiss (blitz)"]
[EventRounds "11"]
[EventCountry "USA"]
[SourceTitle "CB04_2024"]
[SourceDate "2023.10.16"]
[SourceVersion "1"]
[SourceVersionDate "2023.10.16"]
[SourceQuality "1"]

1. e4 c5 2. Nc3 Nc6 3. f4 g6 4. Bc4 Bg7 5. Nf3 e6 6. f5 Nge7 7. fxg6 hxg6 8. d3 d5 9. Bb5 d4 10. Bxc6+ Nxc6 11. Ne2 e5 12. Bg5 f6 13. Bh4 Bg4 14. Bg3 Qd7 15. Rf1 0-0-0 16. a4 Bh6 17. a5 Be3 18. h3 Bh5 19. Neg1 f5 20. Bf2 fxe4 21. dxe4 Bxf3 22. Nxf3 Bf4 23. Qd3 Qe6 24. a6 b6 25. b3 Nb4 26. Qe2 d3 27. Qd1 Nxc2+ 0-1

[Event "Titled Tuesday intern op 16th Jan Early"]
[Site "Chess.com INT"]
[Date "2024.01.16"]
[Round "5"]
[White "Sakun, Volodymyr"]
[Black "Prado, Alexandra"]
[Result "1-0"]
[WhiteElo "2356"]
[BlackElo "1825"]
[PlyCount "55"]
[EventDate "2024.01.16"]
[EventType "swiss (blitz)"]
[EventRounds "11"]
[EventCountry "USA"]
[SourceTitle "CB04_2024"]
[SourceDate "2023.10.16"]
[SourceVersion "1"]
[SourceVersionDate "2023.10.16"]
[SourceQuality "1"]

1. e4 c5 2. Nf3 g6 3. d4 cxd4 4. Nxd4 Bg7 5. Nc3 Nc6 6. Be3 Nf6 7. Be2 0-0 8. f4 Qb6 9. Nxc6 Qxc6 10. Bf3 Qc7 11. e5 Ne8 12. Nd5 Qd8 13. 0-0 d6 14. Bd4 e6 15. Ne3 d5 16. c3 Bd7 17. Qb3 Qc7 18. Rac1 a6 19. Qb4 a5 20. Qc5 Qd8 21. Rfd1 Nc7 22. Qb6 Qb8 23. Bc5 Rc8 24. Bd6 Ra6 25. Qb3 b5 26. a4 b4 27. c4 Qb7 28. cxd5 1-0

[Event "Monteolivete op 3rd"]
[Site "Alboraia"]
[Date "2023.07.22"]
[Round "8"]
[White "Prado, Alexandra"]
[Black "Mora Bort, Miguel Angel"]
[Result "1-0"]
[WhiteElo "1859"]
[BlackElo "1324"]
[PlyCount "25"]
[EventDate "2023.07.17"]
[EventType "swiss"]
[EventRounds "9"]
[EventCountry "ESP"]
[SourceTitle "CBM 215 Extra"]
[Source "ChessBase"]
[SourceDate "2023.09.30"]
[SourceVersion "1"]
[SourceVersionDate "2023.09.30"]
[SourceQuality "1"]

1. e4 e6 2. Nf3 d5 3. e5 c5 4. b4 Bd7 5. bxc5 Bxc5 6. d4 Bb6 7. Bd3 Nc6 8. c3 Nge7 9. 0-0 Qc7 10. Ba3 0-0 11. Bxh7+ Kh8 12. Ng5 g6 13. Qf3 1-0

[Event "Monteolivete op 3rd"]
[Site "Alboraia"]
[Date "2023.07.21"]
[Round "7"]
[White "Maldonado Mena, German"]
[Black "Prado, Alexandra"]
[Result "1-0"]
[WhiteElo "2139"]
[BlackElo "1859"]
[PlyCount "125"]
[EventDate "2023.07.17"]
[EventType "swiss"]
[EventRounds "9"]
[EventCountry "ESP"]
[SourceTitle "CBM 215 Extra"]
[Source "ChessBase"]
[SourceDate "2023.09.30"]
[SourceVersion "1"]
[SourceVersionDate "2023.09.30"]
[SourceQuality "1"]

1. d4 Nf6 2. Nc3 d5 3. Bf4 Bf5 4. Nb5 Na6 5. e3 c6 6. Nc3 Qa5 7. f3 e6 8. g4 Bg6 9. h4 h5 10. g5 Nd7 11. a3 c5 12. Bb5 Qd8 13. Nh3 Nc7 14. Be2 cxd4 15. exd4 a6 16. Bg3 Rc8 17. Nf4 Bf5 18. Bd3 Bxd3 19. Qxd3 g6 20. Kf2 Bd6 21. Nxh5 Bxg3+ 22. Nxg3 Nb6 23. f4 Qd6 24. Kf3 Nc4 25. Rab1 Kd7 26. Nd1 Qb6 27. Ne3 Nxe3 28. Qxe3 Nb5 29. c3 Nd6 30. h5 gxh5 31. Nxh5 Ne4 32. Rh2 Rxc3 33. Nf6+ Nxf6 34. bxc3 Qxb1 35. Rxh8 Ne4 36. Qe2 Qb3 37. Rh7 Ke7 38. g6 Qxc3+ 39. Qe3 Qc4 40. Rxf7+ Ke8 41. Qe1 Qxd4 42. Rxb7 Qd3+ 43. Kg4 Nf6+ 44. Kh4 Qf5 45. Qe2 Qxf4+ 46. Kh3 Qh6+ 47. Kg2 Qxg6+ 48. Kf1 Qf5+ 49. Ke1 Qh3 50. Qe5 Qh1+ 51. Ke2 Qg2+ 52. Kd1 Qf1+ 53. Kc2 Qc4+ 54. Kb2 Qc8 55. Rb8 Qxb8+ 56. Qxb8+ Ke7 57. Qb7+ Nd7 58. Qxa6 e5 59. a4 d4 60. Qc6 Nf6 61. a5 d3 62. Kc3 e4 63. a6 1-0

[Event "Monteolivete op 3rd"]
[Site "Alboraia"]
[Date "2023.07.17"]
[Round "1"]
[White "Galvez Torres, Guillermo"]
[Black "Prado, Alexandra"]
[Result "0-1"]
[WhiteElo "1321"]
[BlackElo "1859"]
[PlyCount "72"]
[EventDate "2023.07.17"]
[EventType "swiss"]
[EventRounds "9"]
[EventCountry "ESP"]
[SourceTitle "CBM 215 Extra"]
[Source "ChessBase"]
[SourceDate "2023.09.30"]
[SourceVersion "1"]
[SourceVersionDate "2023.09.30"]
[SourceQuality "1"]

1. c4 g6 2. Nc3 Bg7 3. g3 e5 4. Bg2 d6 5. e3 f5 6. Nge2 Nf6 7. e4 Nc6 8. d4 fxe4 9. d5 Ne7 10. Nxe4 Nxe4 11. Bxe4 Bf5 12. Bg2 0-0 13. 0-0 Bg4 14. h3 Bxe2 15. Qxe2 Nf5 16. Be3 Qf6 17. Qg4 b6 18. Bg5 Qf7 19. Rae1 a5 20. f4 h6 21. Bh4 h5 22. Qe2 Nxh4 23. gxh4 exf4 24. Qe6 Be5 25. Be4 Kg7 26. b3 Rae8 27. Qxf7+ Rxf7 28. Kf2 Bf6 29. Kf3 Bxh4 30. Re2 Bf6 31. Rg1 g5 32. Rgg2 Kh6 33. h4 g4+ 34. Kxf4 Bxh4+ 35. Bf5 Bg5+ 36. Kg3 Rxe2 0-1

[Event "Titled Tuesday intern op 23rd May Late"]
[Site "Chess.com INT"]
[Date "2023.05.23"]
[Round "9"]
[White "Prado, Alexandra"]
[Black "Castillo Pena, Patricia Evarista"]
[Result "0-1"]
[WhiteElo "1859"]
[BlackElo "1783"]
[PlyCount "60"]
[EventDate "2023.05.23"]
[EventType "swiss (blitz)"]
[EventRounds "11"]
[EventCountry "USA"]
[SourceTitle "EXT 2024"]
[Source "ChessBase"]
[SourceDate "2023.10.10"]
[SourceVersion "1"]
[SourceVersionDate "2023.10.10"]
[SourceQuality "1"]

1. e4 c5 2. Nc3 e6 3. g3 Nc6 4. Bg2 Nge7 5. Nf3 Ng6 6. d3 Be7 7. 0-0 0-0 8. Re1 d5 9. exd5 exd5 10. h4 Re8 11. h5 Nf8 12. Ne5 Nxe5 13. Rxe5 d4 14. Nd5 Ne6 15. Nxe7+ Rxe7 16. Qe1 Qb6 17. h6 Bd7 18. hxg7 Kxg7 19. Bg5 f6 20. Rd5 fxg5 21. Rxg5+ Kf7 22. Rf5+ Ke8 23. Re5 Rb8 24. Qe2 Qd6 25. Re1 Kd8 26. Rh5 Kc7 27. Qg4 Rbe8 28. Rhe5 Nd8 29. Qe4 Rxe5 30. Qxb7+ Nxb7 0-1

[Event "Titled Tuesday intern op 23rd May Late"]
[Site "Chess.com INT"]
[Date "2023.05.23"]
[Round "6"]
[White "Prado, Alexandra"]
[Black "Negron Lizarazo, Juan Sebastian"]
[Result "0-1"]
[WhiteElo "1859"]
[BlackElo "1587"]
[PlyCount "58"]
[EventDate "2023.05.23"]
[EventType "swiss (blitz)"]
[EventRounds "11"]
[EventCountry "USA"]
[SourceTitle "EXT 2024"]
[Source "ChessBase"]
[SourceDate "2023.10.10"]
[SourceVersion "1"]
[SourceVersionDate "2023.10.10"]
[SourceQuality "1"]

1. e4 c5 2. Nc3 d6 3. g3 Nf6 4. Bg2 e6 5. d3 Be7 6. f4 Nc6 7. Nf3 0-0 8. 0-0 d5 9. exd5 Nxd5 10. Ne4 b6 11. Re1 Bb7 12. Bd2 Rc8 13. Qe2 Nf6 14. Bc3 Nxe4 15. dxe4 Qc7 16. Rad1 Rcd8 17. e5 a6 18. b3 b5 19. Bb2 Na5 20. Nd2 Bxg2 21. Qxg2 c4 22. Ne4 cxb3 23. cxb3 Nb7 24. Rc1 Qb6+ 25. Kh1 Nc5 26. Rcd1 Nd3 27. Rf1 Nxb2 28. Qxb2 Qc6 29. Qe2 Rd4 0-1

[Event "Titled Tuesday intern op 23rd May Late"]
[Site "Chess.com INT"]
[Date "2023.05.23"]
[Round "4"]
[White "Prado, Alexandra"]
[Black "Qiao, Cindy"]
[Result "0-1"]
[WhiteElo "1859"]
[BlackElo "1785"]
[PlyCount "44"]
[EventDate "2023.05.23"]
[EventType "swiss (blitz)"]
[EventRounds "11"]
[EventCountry "USA"]
[SourceTitle "EXT 2024"]
[Source "ChessBase"]
[SourceDate "2023.10.10"]
[SourceVersion "1"]
[SourceVersionDate "2023.10.10"]
[SourceQuality "1"]

1. e4 e5 2. Nf3 Nc6 3. Bc4 Bc5 4. 0-0 Nf6 5. d4 Bxd4 6. Nxd4 Nxd4 7. Bg5 h6 8. Bh4 0-0 9. f4 d6 10. fxe5 dxe5 11. Bxf6 gxf6 12. Qh5 Kg7 13. c3 Ne6 14. Na3 Nf4 15. Qh4 Be6 16. Rad1 Qe7 17. Qg3+ Kh7 18. Qf3 Rg8 19. g3 Bg4 20. Qf2 Nh3+ 21. Kg2 Nxf2 22. Rxf2 Bxd1 0-1

[Event "Titled Tuesday intern op 23rd May Late"]
[Site "Chess.com INT"]
[Date "2023.05.23"]
[Round "5"]
[White "Slavin, Alexei"]
[Black "Prado, Alexandra"]
[Result "1-0"]
[WhiteElo "2364"]
[BlackElo "1859"]
[PlyCount "57"]
[EventDate "2023.05.23"]
[EventType "swiss (blitz)"]
[EventRounds "11"]
[EventCountry "USA"]
[SourceTitle "EXT 2024"]
[Source "ChessBase"]
[SourceDate "2023.10.10"]
[SourceVersion "1"]
[SourceVersionDate "2023.10.10"]
[SourceQuality "1"]

1. e4 c5 2. g3 g6 3. Bg2 Bg7 4. Ne2 d6 5. 0-0 Nc6 6. Nbc3 Nf6 7. a3 0-0 8. Rb1 a6 9. b4 cxb4 10. axb4 Rb8 11. b5 axb5 12. Nxb5 Bd7 13. h3 Qa5 14. d4 Na7 15. Bd2 Qb6 16. Nbc3 Qc7 17. f4 Rfc8 18. e5 Ne8 19. Nd5 Qd8 20. Nb6 Rc7 21. c4 dxe5 22. fxe5 Bf5 23. Rb3 Nc6 24. Nd5 e6 25. Nxc7 Qxc7 26. Be3 Qd7 27. Kh2 Nc7 28. g4 Bxg4 29. hxg4 1-0

[Event "Titled Tuesday intern op 09th May Late"]
[Site "Chess.com INT"]
[Date "2023.05.09"]
[Round "6"]
[White "Brandao, Marcius Gomes"]
[Black "Prado, Alexandra"]
[Result "1-0"]
[WhiteElo "1973"]
[BlackElo "1859"]
[PlyCount "65"]
[EventDate "2023.05.09"]
[EventType "swiss (blitz)"]
[EventRounds "11"]
[EventCountry "USA"]
[SourceTitle "CBM 214 Extra"]
[Source "ChessBase"]
[SourceDate "2023.07.31"]
[SourceVersion "1"]
[SourceVersionDate "2023.07.31"]
[SourceQuality "1"]

1. d4 Nf6 2. c4 g6 3. Nc3 Bg7 4. e4 d6 5. f4 0-0 6. Nf3 c5 7. d5 e6 8. dxe6 fxe6 9. Bd3 Nc6 10. 0-0 a6 11. Ng5 Rb8 12. Be3 Nd4 13. e5 Ne8 14. Nxh7 Kxh7 15. Qh5+ Kg8 16. Bxg6 Rf5 17. Qh7+ Kf8 18. g4 Nf6 19. exf6 Rxf6 20. g5 Rf5 21. Bxf5 Nxf5 22. Bf2 b5 23. cxb5 axb5 24. Ne4 Bb7 25. Nf6 Bxf6 26. gxf6 Qc8 27. f7 Qc6 28. Qg8+ Ke7 29. Qg5+ Kxf7 30. Bh4 Rg8 31. Kf2 Rxg5 32. Bxg5 Qf3+ 33. Ke1 1-0

[Event "Titled Tuesday intern op 09th May Late"]
[Site "Chess.com INT"]
[Date "2023.05.09"]
[Round "3"]
[White "Prado, Alexandra"]
[Black "Smieszek, Wojciech"]
[Result "0-1"]
[WhiteElo "1859"]
[BlackElo "2078"]
[PlyCount "88"]
[EventDate "2023.05.09"]
[EventType "swiss (blitz)"]
[EventRounds "11"]
[EventCountry "USA"]
[SourceTitle "CBM 214 Extra"]
[Source "ChessBase"]
[SourceDate "2023.07.31"]
[SourceVersion "1"]
[SourceVersionDate "2023.07.31"]
[SourceQuality "1"]

1. e4 c5 2. Nf3 g6 3. c3 Bg7 4. d4 cxd4 5. cxd4 d5 6. e5 Nh6 7. Nc3 0-0 8. Bd3 Nc6 9. 0-0 Bg4 10. Be2 e6 11. h3 Bxf3 12. Bxf3 Nf5 13. Be3 f6 14. exf6 Qxf6 15. Bg4 Nfxd4 16. Qd2 Nf5 17. Bg5 Qf7 18. Rae1 Rae8 19. Nb5 Qd7 20. a4 a6 21. Nc3 Ncd4 22. Be3 Nxe3 23. fxe3 Nf5 24. Rf2 b5 25. axb5 axb5 26. Ref1 b4 27. Nd1 Qb5 28. Bxf5 Rxf5 29. Rxf5 exf5 30. g4 fxg4 31. hxg4 Qc4 32. Nf2 b3 33. Rd1 d4 34. exd4 Re2 35. Qd3 Qxd3 36. Rxd3 Rxb2 37. d5 Kf7 38. d6 Ke8 39. Ne4 Rb1+ 40. Kg2 b2 41. d7+ Kd8 42. Nc5 Rg1+ 43. Kxg1 b1Q+ 44. Kg2 Qb6 0-1